000 01154nam a2200229Ia 4500
003 Ost
005 20260507075311.0
008 260507s9999||||xx |||||||||||||| ||und||
020 _a9789773277775
040 _cfsecg
041 _aara
082 _a341.522
100 _aيوسف، يوسف حسن
_eمؤلف
245 0 _aالتحكيم الدولي /
_c يوسف حسن يوسف
260 _aالاسكندرية:
_bمكتبة الوفاء القانونية,
_c2011
300 _a399 صفحة؛
_bإيضاحات ؛
_c25 سم
520 _aالتعريف بالتحكيم و طبيعته، أهمية التحكيم وواقعه و مستقبله و أنواعه اتفاق التحكيم و تفسيره في القوانين العربية " مصر ، الاردن ، الامارات" طبيعة الانفاق على التحكيم و أثاره، أنواع التحكيم في القانون، بطلان حكم المحكم و طرق الطعن فيه، رد المحكم و تنحيته و عزله
653 _aالتحكيم
653 _aالتحكيم الدولي
653 _aالقانون الدولي
942 _cكتاب
999 _c43871
_d43871